Countries With the Most Endangered Animals - Statistics

General Stats
  • This quiz has been taken 73 times
  • The average score is 8 of 10
Answer Stats
# Countries % Correct
82 Brazil
98%
73 China
97%
94 India
95%
184 Indonesia
89%
55 Australia
87%
101 Mexico
81%
54 Peru
68%
55 Thailand
65%
70 Malaysia
60%
114 Madagascar
59%
No matching quizzes found
Score Distribution
Percent of People with Each Score
Percentile by Number Answered
Your Score History
You have not taken this quiz